000 02533cam a2200397 i 4500
003 SA-RiAUC
005 20241030075444.0
008 241029s2011____su g 001 0 ara c
020 _a9786038101056
024 0 _a00000000289134
040 _aSA-RiKAPL
_bara
_cSA-RiAUC
_dKAC
_erda
082 0 4 _a251.12
_qSA-RiAUC
090 _a251.12
_bخ ل ي
100 1 _aخليل، يحيى بن إبراهيم
_eمؤلف.
245 1 2 _aالسنة التركية :
_bمفهومها، حجيتها، أثرها، الأسئلة الواردة عليها /
_cتأليف الدكتور يحيى بن إبراهيم خليل ؛ تقديم كل من سماحة الشيخ عبد الرحمن بن ناصر البراك [و3 آخرون]
250 _aالطبعة الأولى.
264 1 _aالرياض :
_bمجلة البيان،
_c[2011]
300 _a631 صفحة ؛
_c24 × 17 سم.
336 _aنص
_btxt
_2rdacontent
_3كتاب
337 _aبدون وسيط
_bn
_2rdamedia
338 _aمجلد
_bnc
_2rdacarrier
490 1 _aالبيان ؛
_v140
500 _aكشافات : صفحة 617.
500 _aورد أعلى الغلاف : رسالة علمية.
504 _aببيوجرافية : صفحة 617-629.
505 0 _aالمحتويات : تقديم-المقدمة-التمهيد-الباب الأول : حجية السنة التركية : الفصل الأول : حجية السنة التركية في القرآن-الفصل الثاني : حجية السنة االتركية في السنة المطهرة ...-الباب اثاني : أثرها : الفصل الأول : أثرها على العقيدة-الفصل الثاني : أثرها على العبدات ...-الباب الثالث : الأسئلةالواردة على السنة التركية : الفصل الأول : الأسئلة التي قد ترد على السنة التركية-الفصل الثاني : في الجواب عنها.
650 7 _aحجية السنة
_2aucsh
650 7 _aالبدع في الإسلام
_2aucsh
700 1 _aالشتري، سعد بن ناصر بن عبد العزيز
_eمقدم.
700 1 _aالمحمود، عبد الرحمن بن صالح بن صالح
_eمقدم.
700 1 _aالخليل، أحمد بن محمد بن حسن،
_d1389 هجري-
_eمقدم.
700 1 _aالبراك، عبد الرحمن بن ناصر،
_d1352 هجري-
_eمقدم.
830 0 _aكتاب البيان (مجلة البيان)
_v140
942 _2ddc
_cBOOK
_n0
949 _aSA-JeALM
_d241029
_umohamedma123
_n1
999 _c1899
_d1899